De Franco a la Generalitat / (Record no. 6764)

MARC details
000 -LEADER
campo de control de longitud fija 00909nam a2200289 i 4500
001 - NÚMERO DE CONTROL
campo de control 6764
003 - IDENTIFICADOR DE NÚMERO DE CONTROL
campo de control ES-MaACL
005 - FECHA Y HORA DE LA ÚLTIMA TRANSACCIÓN
campo de control 20230906145102.0
007 - CAMPO FIJO DE DESCRIPCIÓN FÍSICA--INFORMACIÓN GENERAL
campo de control de longitud fija t|
008 - DATOS DE LONGITUD FIJA--INFORMACIÓN GENERAL
campo de control de longitud fija 900319s1988 sp a |||| | spa d
020 ## - NÚMERO INTERNACIONAL ESTÁNDAR DEL LIBRO
Número Internacional Estándar del Libro 84-320-5865-3
080 ## - NÚMERO DE LA CLASIFICACIÓN DECIMAL UNIVERSAL
Número de la Clasificación Decimal Universal 323(46)"1975/1978"
080 ## - NÚMERO DE LA CLASIFICACIÓN DECIMAL UNIVERSAL
Número de la Clasificación Decimal Universal 9(46)"1975/1978"
100 1# - ENTRADA PRINCIPAL--NOMBRE DE PERSONA
Nombre de persona Sánchez-Terán, Salvador.
9 (RLIN) 102951
245 10 - MENCIÓN DEL TÍTULO
Título De Franco a la Generalitat /
Mención de responsabilidad, etc. Salvador Sanchez Teran ; epilogo de Josep Tarradellas.
250 ## - MENCION DE EDICION
Mención de edición 1ª ed.
260 ## - PUBLICACIÓN, DISTRIBUCIÓN, ETC.
Lugar de publicación, distribución, etc. Barcelona :
Nombre del editor, distribuidor, etc. Planeta,
Fecha de publicación, distribución, etc. 1988.
300 ## - DESCRIPCIÓN FÍSICA
Extensión 331 p. :
Otras características físicas il. ;
Dimensiones 24 cm.
490 1# - MENCIÓN DE SERIE
Mención de serie Espejo de España ;
Designación de volumen o secuencia 138
500 ## - NOTA GENERAL
Nota general Índice.
651 #4 - PUNTO DE ACCESO ADICIONAL DE MATERIA--NOMBRE GEOGRÁFICO
Nombre geográfico Cataluña-
Subdivisión general Política y gobierno-
Subdivisión cronológica 1975-1980.
9 (RLIN) 168629
651 #4 - PUNTO DE ACCESO ADICIONAL DE MATERIA--NOMBRE GEOGRÁFICO
Nombre geográfico España-
Subdivisión general Política y gobierno-
Subdivisión cronológica 1975-1982.
9 (RLIN) 8447
700 1# - ENTRADA AGREGADA--NOMBRE PERSONAL
Nombre de persona Tarradellas, Josep.
9 (RLIN) 109321
830 0# - PUNTO DE ACCESO ADICIONAL DE SERIE-TÍTULO UNIFORME
Título uniforme Espejo de España ;
Designación de volumen o secuencia 138
9 (RLIN) 177692
852 ## - LOCALIZACIÓN
Ubicación ES-MaACL
Número de control de estantería L-13945
Holdings
Estatus retirado Estado de pérdida Estado de daño No para préstamo Biblioteca de origen Biblioteca actual Ubicación en estantería Fecha de adquisición Fuente de adquisición Total de préstamos Signatura topográfica completa Código de barras Visto por última vez Precio de reemplazo Tipo de ítem Koha
        Biblioteca del Ateneo de Madrid Biblioteca del Ateneo de Madrid Depósito 2 17/01/2008     L-13945 1006892 23/02/2023 23/02/2023 Libro impreso